Statistics for 5-Letter History Chain #2

Click here to take the quiz!

General Stats

  • This quiz has been taken 52,345 times
  • The average score is 17 of 26

Answer Stats

HintAnswer% Correct
Language of ancient RomeLatin
93%
Drug that caused wars between
China and Britain
Opium
91%
Job for a poor Victorian child:
chimney _____
Sweep
87%
Student of Socrates, teacher of AristotlePlato
85%
Houston, Tranquillity Base here.
The _____ has landed
Eagle
84%
Main crop of the AztecsMaize
82%
Lancaster vs. York: War of the _____Roses
79%
Pack animal of the IncasLlama
78%
Shakespeare play: Taming of the _____Shrew
77%
"Remembered" battle of Texas
independence
Alamo
75%
Pacific Northwest carving: ____ PoleTotem
72%
Country which Edward Longshanks
conquered from 1277–1283
Wales
71%
Scimitar, claymore, cutlassSword
66%
"I'm not a crook", he said in 1973Nixon
64%
An assassin in feudal JapanNinja
63%
Musical genre that started in
the Southern U.S.
Blues
62%
Country led by Nassar and SadatEgypt
62%
"Don Quixote" is often considered the
first example of this type of book
Novel
62%
J.S. Bach's instrumentOrgan
60%
Type of Greek god such as Cronus
or Prometheus
Titan
58%
The first general anestheticEther
53%
Term for a wall painting.
Diego Rivera was famous for them.
Mural
53%
Leader of an abbeyAbbot
45%
Kansas frontier townDodge
26%
Term for a Brit who got rich in IndiaNabob
15%
Wife of Muhammad who narrated
2,210 hadiths
Aisha
13%

Score Distribution

Percentile by Number Answered

Percent of People with Each Score

Your Score History

You have not taken this quiz